{"text_format":"3","workbook":"xls","n_sheets":3,"sheets":["连云港分公司","Sheet2","Sheet3"],"read":"whole","date_system":"1900","formulas":"cached_only"}

{"sheet":"连云港分公司","index":0,"n_rows":24,"n_cols":13,"rows_kept":24,"merged":[[0,2,0,11],[1,2,1,11],[2,2,2,11],[7,1,9,1],[10,12,18,12],[12,1,16,1],[18,1,19,1]],"flags":["formulas_cached_only"]}
[null,null,"连云港五金收料统计日报表"]
[null,null,"日期：   2019  年    4  月  16  日                             填表人： 李秀娟"]
[null,null,"单位：连云港分公司五金配件库"]
[null,"入库单号","品名","规格","单位","单价","数量","金额","供应商名称","联系方式","采购员","检验员","备注"]
[null,"WIN005501","行程开关","ME-8111","只",20,5,100,"赣榆区青口镇协泰五金建材店",null,"徐遵宇"]
[null,"WIN005508","雨衣","上衣+裤子","套",30,10,300,"赣榆区慧波劳保雨具商行",null,"徐遵宇"]
[null,"WIN005509","拖把",null,"个",30,5,150,"何良才",null,"徐遵宇"]
[null,"WIN005510","煤气灶",null,"个",60,1,60,"海头海中路家电服务部",null,"徐遵宇"]
[null,null,"煤气管",null,"米",5,1,5,"海头海中路家电服务部",null,"徐遵宇"]
[null,null,"调节阀",null,"个",5,1,5,"海头海中路家电服务部",null,"徐遵宇"]
[null,"WIN005511","不锈钢潜水泵","80QJD2-55/10-1.1KW","台",550,1,550,"赣榆县海头镇海粮建材门市部",null,"徐遵宇",null,"大力神总厂车间代加工"]
[null,"WIN005516","气动风镐","G7","台",440,10,4400,"济宁聚旺矿山设备有限公司",null,"王成军"]
[null,"WIN005517","4.8螺丝","16*50","套",1,50,50,"邳州市中兴物资经销处",null,"王成军"]
[null,null,"4.8螺丝","16*70","套",1.17,50,58.5,"邳州市中兴物资经销处",null,"王成军"]
[null,null,"4.8螺丝","20*150","套",3.24,50,162,"邳州市中兴物资经销处",null,"王成军"]
[null,null,"4.8螺丝","14*50","套",0.78,50,39,"邳州市中兴物资经销处",null,"王成军"]
[null,null,"4.8螺丝","24*120","套",4.46,50,223,"邳州市中兴物资经销处",null,"王成军"]
[null,"WIN005526","张拉机提升丝杆","φ65mm*300mm","套",180,2,360,"李亮",null,"徐遵宇"]
[null,"WIN005527","氧气",null,"瓶",25,3,75,"李宝凯",null,"徐遵宇"]
[null,null,"乙炔",null,"瓶",70,2,140,"李宝凯",null,"徐遵宇"]
[null,"WIN005528","电机齿轮","30齿","个",20,6,120,"新乡市巨业起重机械有限公司",null,"徐遵宇"]
[null,"WIN005529","卸扣","6.5T","只",20,20,400,"大榆树街建材杂品商店",null,"王成军"]
[null,"WIN005530","电线","RW2*2.5m","盘",345,1,345,"邳州市电料总汇",null,"王成军"]
[null,"WIN005531","断线钳","450","把",30,5,150,"邳州石荣海建材五金",null,"王成军"]

{"sheet":"Sheet2","index":1,"n_rows":0,"n_cols":0,"rows_kept":0,"flags":["formulas_cached_only"]}

{"sheet":"Sheet3","index":2,"n_rows":0,"n_cols":0,"rows_kept":0,"flags":["formulas_cached_only"]}